| 000 | 01182nam a22002537a 4500 | ||
|---|---|---|---|
| 001 | 7324 | ||
| 003 | FISKH | ||
| 005 | 20250709141457.0 | ||
| 008 | 250709b cb ||||| |||| 00| 0 eng d | ||
| 040 |
_aFISKH _beng _cFISKH _dFISKH |
||
| 050 | _aPZ7 | ||
| 082 | _a630 | ||
| 100 | _aFreeman, Sara | ||
| 245 |
_aFood and Farming : _bA skill-builder activity book / |
||
| 260 |
_aNew York : _bBrighter Vision learning Adventure, _c1998. |
||
| 300 |
_a23 pages : _bcolor illustrations ; _c28 cm |
||
| 505 | _aG | ||
| 520 | _aThis engaging activity book introduces young readers (ages ~5–8) to the essentials of food production, farming practices, and nutrition through fun puzzles, coloring pages, matching games, and simple worksheets. Children learn how food grows, farm-to-table processes, healthy eating habits, and basic agricultural concepts—all while developing reading, math, and critical thinking skills. Perfect for classroom use or at-home exploration, it's both educational and hands-on. | ||
| 521 | 8 |
_a400
_bLexile estimate |
|
| 521 | 8 |
_aG
_bRaz-Plus |
|
| 650 |
_aActivity Books Farm _vScience _xFarming Food |
||
| 942 |
_2ddc _cBK _n0 |
||
| 999 |
_c7324 _d7324 |
||